| 000 | 01748nam a22001577a 4500 | ||
|---|---|---|---|
| 999 |
_c522554 _d522554 |
||
| 008 | 230421b ||||| |||| 00| 0 eng d | ||
| 100 |
_aDabgotra, Pankaj and Gupta, Bhawna _940140 |
||
| 245 | _aReservations for other backward classes in Jammu and Kashmir: An impact assessment | ||
| 260 | _aIndian Journal of Public Administration | ||
| 300 | _a69(1), Mar, 2023: p.161-175 | ||
| 520 | _aReservation is a system of affirmative action that provides historically disadvantaged groups representation in education, employment and politics in India. This research article assesses the impact of reservations on the economic and educational condition of Other Backward Classes (OBCs) in Jammu and Kashmir (J&K). The Jammu and Kashmir Reservation Act, 2004 provided for the reservations in appointments, and admissions in professional institutions to socially and educationally backward classes of the State. The theoretical framework and historical underpinnings of reservations in India have been examined based on secondary data and a survey of OBC beneficiaries (through purposive sampling) in the Jammu district done to assess the impact on the target groups. The authors find that the present approach to reservations has shown dismal improvement in the economic and educational lots of the OBCs in J&K. There is a need for a rational criterion for identifying the beneficiaries and proportionate quantum of reservations. A holistic and integrated approach for addressing lacunas in policy will help bring the required change. – Reproduced | ||
| 650 |
_aAffirmative action, Reservations, Other backward class, Jammu and Kashmir. _937822 |
||
| 773 | _aIndian Journal of Public Administration | ||
| 906 | _aBACKWARD CLASSES | ||
| 942 | _cAR | ||